000 00615nam a2200181Ia 4500
003 GCL
008 140319s9999 xx 000 0 ara d
040 _aGCL /
_cGCL
082 0 4 _a228
_bم و
100 1 _aمجدى محمد حسين
245 1 0 _aالوقف فى القراءات القرانية واثره فى الاعراب والمعنى /
_cمجدى محمد حسين
260 _aالقاهرة :
_bدار ابن خلدون
300 _a298 ص ؛
_c24 سم
650 0 4 _aالقران - اعراب
650 0 4 _aالقران - القراءات
650 0 4 _aالقران - تجويد
942 _2ddc
_cBK
999 _c5824
_d5824